000 00578nam a2200217Ia 4500
003 OSt
005 20230403095137.0
008 210423s2008 xx 000 0 und d
020 _a978802145697
040 _cAL
041 _aeng
082 _a657.48
_223
_b RAMN
100 _aRAMACHANDRAN (Neelakantan);KAKANI (Ram Kumar).
_982148
245 _aFinancial accounting for management.
250 _a2
260 _aNew Delhi
_bTata McGraw-hill
_c2008
300 _axix,624
_bPB
365 _b275
_cINR
906 _aaccounting ; Financial ; management.
942 _2ddc
_cBK
999 _c156802
_d156802